00789nam a22001937a 450000500170000000800410001702000180005804100120007608200080008810000260009624500520012226000330017430000080020752001970021565000230041294200070043599900190044295201340046120240822111149.0240812b |||||||| |||| 00| 0 eng d a9780713467659 aEnglish bHOL aHolmes Doreen9208217 aNeedlepoint Lace : Designs From the Countryside aLondonbB. T. Batsfordc1991 a144 a• Acknowledgement • Introduction • Stitches and Techniques • Designs for you to try • Hints and Tips • Patterns Actual • Design Library • Suppliers band Sources of Information  aEmbroidery9119869 cDB c359457d359457 00102ddc4071aSOFTbSOFTd2024-08-03eUsha Shrikantg1675.90o746.44 HOLpSOFT-BK-D157r2024-08-12 00:00:00v1675.90yDBzD157